[Event "Bratislava exe op 2nd"]
[White "Nyysti, Sampsa"]
[Black "Filindash, Nikita"]
[Site "Bratislava"]
[Round "2"]
[Result "0-1"]
[Date "2024.09.15"]
[WhiteElo "2339"]
[BlackElo "2067"]
[PlyCount "116"]
[EventDate "2024.09.14"]
[EventType "swiss"]
[EventRounds "9"]
[EventCountry "SVK"]
[SourceTitle "EXT 2025"]
[Source "ChessBase"]
[SourceDate "2024.10.14"]
[SourceVersion "1"]
[SourceVersionDate "2024.10.14"]
[SourceQuality "1"]

1. e4 e5 2. Nf3 Nf6 3. Nxe5 d6 4. Nd3 Nxe4 5. Qe2 Qe7 6. Nf4 Nf6 7. d4 Qxe2+ 8. Bxe2 d5 9. Nc3 c6 10. Bd3 Bd6 11. f3 Nbd7 12. Kf2 Nf8 13. Nce2 Ne6 14. c3 Bd7 15. g4 0-0-0 16. Nxe6 Bxe6 17. Nf4 Rdf8 18. Bd2 g6 19. Rae1 Bd7 20. h3 Ne8 21. h4 h6 22. Ng2 Ng7 23. Bf4 Bxf4 24. Nxf4 h5 25. Bxg6 fxg6 26. Nxg6 hxg4 27. Nxh8 Rxh8 28. Reg1 Rf8 29. h5 Rxf3+ 30. Ke2 Rf8 31. h6 Ne8 32. Rf1 Rh8 33. h7 Be6 34. Rh6 Kd7 35. Kf2 Nd6 36. Rfh1 Ne4+ 37. Kg2 Ke7 38. R1h5 Kf7 39. Re5 Nf6 40. Kg3 Rxh7 41. Rxh7+ Nxh7 42. Rh5 Nf6 43. Rh8 Ne4+ 44. Kg2 Kf6 45. Rb8 Nd6 46. b3 Ke7 47. Rh8 Bf5 48. Rg8 Kd7 49. Rg7+ Kc8 50. Kg3 Nb5 51. Kf4 Bd7 52. c4 dxc4 53. bxc4 Nxd4 54. Ke5 c5 55. a3 Kc7 56. Kd5 b6 57. Ke5 Nc2 58. a4 Ne3 0-1

[Event "Bratislava exe op 2nd"]
[White "Hitka, Dominik"]
[Black "Nyysti, Sampsa"]
[Site "Bratislava"]
[Round "1"]
[Result "0-1"]
[Date "2024.09.14"]
[WhiteElo "1899"]
[BlackElo "2339"]
[PlyCount "118"]
[EventDate "2024.09.14"]
[EventType "swiss"]
[EventRounds "9"]
[EventCountry "SVK"]
[SourceTitle "EXT 2025"]
[Source "ChessBase"]
[SourceDate "2024.10.14"]
[SourceVersion "1"]
[SourceVersionDate "2024.10.14"]
[SourceQuality "1"]

1. e4 c5 2. Nc3 e6 3. d4 cxd4 4. Qxd4 Nc6 5. Qd3 Nf6 6. Bf4 Qa5 7. Qb5 Bb4 8. Qxa5 Bxa5 9. f3 d5 10. Bd2 dxe4 11. Nxe4 Nxe4 12. Bxa5 Nxa5 13. fxe4 Ke7 14. Rd1 Bd7 15. Nf3 Rac8 16. Ne5 Be8 17. Bd3 f6 18. Nf3 e5 19. Kf2 Nc4 20. b3 Nd6 21. Ke3 Bh5 22. Rd2 Rc3 23. Rf2 Rd8 24. Nd2 b5 25. Nb1 Rc5 26. Nd2 Bg6 27. Rc1 b4 28. Ra1 Ra5 29. Nc4 Nxc4+ 30. Bxc4 Rd4 31. Bd3 Be8 32. a4 Rc5 33. Rd2 Bc6 34. Re1 g6 35. g4 Rc3 36. Kf2 Bd7 37. Kf3 Be6 38. Re3 Kd6 39. h3 f5 40. gxf5 gxf5 41. Ke2 f4 42. Rf3 Bf7 43. Rf1 Bg6 44. Kd1 Ke7 45. Re1 Bh5+ 46. Kc1 Bf7 47. Kb2 Bxb3 48. Rg2 Kf6 49. Reg1 Bf7 50. Rg5 Bg6 51. h4 Bxe4 52. Bxe4 Rxe4 53. Rh5 Re2 54. Rh6+ Kf5 55. Rxh7 Rcxc2+ 56. Kb3 a5 57. Rg5+ Ke4 58. Rxe5+ Kxe5 59. Rh5+ Kd4 0-1

[Event "FIN-chT 2425"]
[White "Linnanen, Lassi"]
[Black "Nyysti, Sampsa"]
[Site "Finland"]
[Round "1.2"]
[Result "1/2-1/2"]
[Date "2024.09.06"]
[WhiteElo "2185"]
[BlackElo "2339"]
[PlyCount "85"]
[EventDate "2024.09.06"]
[EventType "team-tourn"]
[EventRounds "11"]
[EventCountry "FIN"]
[SourceTitle "EXT 2025"]
[Source "ChessBase"]
[SourceDate "2024.10.14"]
[SourceVersion "1"]
[SourceVersionDate "2024.10.14"]
[SourceQuality "1"]
[WhiteTeam "Lahti S"]
[BlackTeam "Helsinki HSC"]
[WhiteTeamCountry "FIN"]
[BlackTeamCountry "FIN"]

1. e4 c5 2. Nf3 e6 3. g3 d6 4. Bg2 Nf6 5. Qe2 e5 6. 0-0 Be7 7. c3 Nc6 8. Rd1 0-0 9. Na3 Re8 10. Nc2 Bf8 11. d3 h6 12. Ne3 Be6 13. c4 a6 14. h3 b5 15. Nd5 Rb8 16. b3 Bd7 17. Be3 bxc4 18. bxc4 Nb4 19. Rdb1 Nbxd5 20. cxd5 Qa5 21. Ne1 Rb5 22. Bd2 Qa4 23. Qd1 Rxb1 24. Rxb1 Qxd1 25. Rxd1 Rb8 26. Bc3 Ba4 27. Rd2 Be7 28. Rb2 Rb5 29. Bf1 Bd8 30. Rxb5 axb5 31. f4 b4 32. Bb2 exf4 33. gxf4 Nh5 34. Ng2 Ng3 35. Ne3 Bb5 36. Nc4 Bxc4 37. dxc4 Nxe4 38. Bd3 f5 39. Bxe4 fxe4 40. Kf2 Kf7 41. Ke3 Bf6 42. Bc1 g6 43. Kxe4 1/2-1/2

[Event "Heart of Finland op 32nd"]
[White "Nyysti, Sampsa"]
[Black "Keinanen, Toivo"]
[Site "Jyvaskyla"]
[Round "9"]
[Result "1/2-1/2"]
[Date "2024.07.21"]
[WhiteElo "2332"]
[BlackElo "2547"]
[PlyCount "40"]
[EventDate "2024.07.15"]
[EventType "swiss"]
[EventRounds "9"]
[EventCountry "FIN"]
[SourceTitle "CBM 221 Extra"]
[Source "ChessBase"]
[SourceDate "2024.09.30"]
[SourceVersion "1"]
[SourceVersionDate "2024.09.30"]
[SourceQuality "1"]

1. e4 e6 2. d4 d5 3. Nc3 Nc6 4. Nf3 Nf6 5. Bd3 Nb4 6. e5 Nxd3+ 7. cxd3 Nd7 8. 0-0 Be7 9. Be3 0-0 10. Qd2 b6 11. Rfc1 c5 12. Na4 cxd4 13. Bxd4 Ba6 14. Qe3 Rc8 15. Nc3 Nb8 16. a3 Nc6 17. Ne2 Qd7 18. b4 Rc7 19. Bb2 d4 20. Nexd4 Nxd4 1/2-1/2

[Event "Heart of Finland op 32nd"]
[White "Sivuk, Vitaly"]
[Black "Nyysti, Sampsa"]
[Site "Jyvaskyla"]
[Round "7"]
[Result "1-0"]
[Date "2024.07.19"]
[WhiteElo "2563"]
[BlackElo "2332"]
[PlyCount "45"]
[EventDate "2024.07.15"]
[EventType "swiss"]
[EventRounds "9"]
[EventCountry "FIN"]
[SourceTitle "CBM 221 Extra"]
[Source "ChessBase"]
[SourceDate "2024.09.30"]
[SourceVersion "1"]
[SourceVersionDate "2024.09.30"]
[SourceQuality "1"]

1. d4 Nf6 2. c4 e6 3. Nf3 d5 4. Nc3 Nbd7 5. cxd5 exd5 6. Qc2 c6 7. Bf4 Nh5 8. Bg5 Be7 9. h4 h6 10. Bd2 Bd6 11. g4 Nhf6 12. g5 hxg5 13. Bxg5 Nb6 14. 0-0-0 Be6 15. e3 Nbd7 16. Bh3 Bxh3 17. Rxh3 Qc7 18. Rg1 Kf8 19. h5 Re8 20. h6 g6 21. Nh4 Re6 22. Nxg6+ fxg6 23. Qxg6 1-0

[Event "Heart of Finland op 32nd"]
[White "Luukkonen, Tommi"]
[Black "Nyysti, Sampsa"]
[Site "Jyvaskyla"]
[Round "5"]
[Result "1/2-1/2"]
[Date "2024.07.18"]
[WhiteElo "2262"]
[BlackElo "2332"]
[PlyCount "122"]
[EventDate "2024.07.15"]
[EventType "swiss"]
[EventRounds "9"]
[EventCountry "FIN"]
[SourceTitle "CBM 221 Extra"]
[Source "ChessBase"]
[SourceDate "2024.09.30"]
[SourceVersion "1"]
[SourceVersionDate "2024.09.30"]
[SourceQuality "1"]

1. e4 e5 2. Nf3 Nc6 3. Bc4 Nf6 4. d3 Be7 5. 0-0 0-0 6. a4 d5 7. exd5 Nxd5 8. Re1 Bg4 9. h3 Bh5 10. g4 Bg6 11. Nxe5 Nxe5 12. Rxe5 Nb4 13. Nc3 Kh8 14. Nd5 Bd6 15. Re3 Nxd5 16. Bxd5 Bc5 17. Bxb7 Bxe3 18. Bxe3 Rb8 19. Qf3 f5 20. g5 f4 21. Bxa7 Qxg5+ 22. Qg2 Qxg2+ 23. Bxg2 Rxb2 24. a5 f3 25. Bc5 Rfb8 26. Bxf3 Rb1+ 27. Rxb1 Rxb1+ 28. Kg2 Rb5 29. a6 Rxc5 30. a7 Rg5+ 31. Kh2 Ra5 32. a8Q+ Rxa8 33. Bxa8 Be8 34. Kg3 Kg8 35. Kf4 Kf7 36. Ke5 Ke7 37. Be4 h6 38. c4 Bd7 39. Bf5 Ba4 40. d4 Bb3 41. c5 Bc4 42. d5 Bb5 43. Bg4 Ba4 44. h4 Bb3 45. f4 Ba4 46. f5 Bd7 47. Bf3 Ba4 48. d6+ cxd6+ 49. cxd6+ Ke8 50. Bh5+ Kd8 51. Bf7 Kd7 52. Be6+ Kc6 53. Bd5+ Kd7 54. Bf3 Bb3 55. Bg4 Kc6 56. Bf3+ Kd7 57. Bd5 Ba4 58. Be6+ Kc6 59. Bf7 Kd7 60. h5 Bb5 61. Be6+ Kc6 1/2-1/2

[Event "Helsinki ShakkiNet op 8th"]
[White "Nyysti, Sampsa"]
[Black "Maki Uuro, Miika"]
[Site "Helsinki"]
[Round "6"]
[Result "1/2-1/2"]
[Date "2024.06.15"]
[WhiteElo "2333"]
[BlackElo "2270"]
[PlyCount "119"]
[EventDate "2024.06.10"]
[EventType "swiss"]
[EventRounds "9"]
[EventCountry "FIN"]
[SourceTitle "CBM 220 Extra"]
[Source "ChessBase"]
[SourceDate "2024.07.31"]
[SourceVersion "1"]
[SourceVersionDate "2024.07.31"]
[SourceQuality "1"]

1. e4 c5 2. Nf3 d6 3. Bb5+ Bd7 4. c4 Nf6 5. Nc3 g6 6. 0-0 Bg7 7. d4 cxd4 8. Qxd4 0-0 9. Bg5 a6 10. Bxd7 Nbxd7 11. h3 Rc8 12. Nd2 h6 13. Bh4 g5 14. Bg3 Nh5 15. Qd3 Nc5 16. Qf3 Nxg3 17. Qxg3 Ne6 18. Rac1 Qa5 19. Rfd1 Qe5 20. Qe3 Qd4 21. Qf3 Qe5 22. b3 b5 23. Qe3 Nd4 24. cxb5 axb5 25. Nd5 Rxc1 26. Rxc1 e6 27. Nb4 d5 28. Nd3 Qb8 29. e5 Nf5 30. Qe1 Qa7 31. Nb4 Ra8 32. Nf3 Bf8 33. Rc2 Nd4 34. Nxd4 Qxd4 35. Nc6 Qb6 36. Qe3 Qxe3 37. fxe3 b4 38. g4 Kg7 39. Kf2 f6 40. exf6+ Kxf6 41. e4 dxe4 42. Ke3 Ra6 43. Kxe4 Rb6 44. Ne5 Rb5 45. Rf2+ Kg7 46. Rf7+ Kg8 47. Rf6 Ra5 48. Rxe6 Rxa2 49. Kf5 Kh7 50. Rb6 Rf2+ 51. Ke6 Bg7 52. Nd7 Re2+ 53. Kf7 Rf2+ 54. Nf6+ Bxf6 55. Rxf6 Rb2 56. Ke7 Rxb3 57. Rf7+ Kg8 58. Rf8+ Kg7 59. Rf7+ Kg8 60. Rf8+ 1/2-1/2

[Event "FIN-chT 2324"]
[White "Nyysti, Sampsa"]
[Black "Koykka, Pekka"]
[Site "Finland"]
[Round "11.4"]
[Result "1/2-1/2"]
[Date "2024.03.17"]
[WhiteElo "2344"]
[BlackElo "2354"]
[PlyCount "86"]
[EventDate "2023.09.23"]
[EventType "team-tourn"]
[EventRounds "11"]
[EventCountry "FIN"]
[SourceTitle "EXT 2025"]
[Source "ChessBase"]
[SourceDate "2024.10.14"]
[SourceVersion "1"]
[SourceVersionDate "2024.10.14"]
[SourceQuality "1"]
[WhiteTeam "Helsinki HSC"]
[BlackTeam "Tampere Tammer"]
[WhiteTeamCountry "FIN"]
[BlackTeamCountry "FIN"]

1. e4 c5 2. Nf3 a6 3. c3 d5 4. exd5 Qxd5 5. d4 e6 6. Be3 Nd7 7. Be2 Ngf6 8. 0-0 cxd4 9. cxd4 Be7 10. Nc3 Qa5 11. a3 0-0 12. b4 Qd8 13. Qb3 Nb6 14. Ne5 Nbd5 15. Bf3 Nxc3 16. Qxc3 Nd5 17. Qb3 Nxe3 18. Qxe3 Bg5 19. Qc3 Qd6 20. Rfd1 Rb8 21. Qc5 Rd8 22. g3 b6 23. Qc4 a5 24. Nc6 Bb7 25. d5 Rbc8 26. Qg4 Bxc6 27. dxc6 Qe5 28. Qc4 b5 29. Qc2 Rd2 30. Qc5 Qxc5 31. bxc5 Kf8 32. Rxd2 Bxd2 33. Rd1 Bc3 34. Rd7 Ke8 35. Rb7 b4 36. axb4 Bxb4 37. Bd1 Bxc5 38. Ba4 Kf8 39. Kf1 Bd6 40. Ke2 Rc7 41. Rb8+ Ke7 42. Ra8 Bb4 43. Kd3 h5 1/2-1/2

[Event "FIN-chT 2324"]
[White "Nyysti, Sampsa"]
[Black "Jarvenpaa, Jari"]
[Site "Finland"]
[Round "9.4"]
[Result "1-0"]
[Date "2024.01.14"]
[WhiteElo "2344"]
[BlackElo "2242"]
[PlyCount "63"]
[EventDate "2023.09.23"]
[EventType "team-tourn"]
[EventRounds "11"]
[EventCountry "FIN"]
[SourceTitle "EXT 2025"]
[Source "ChessBase"]
[SourceDate "2024.10.14"]
[SourceVersion "1"]
[SourceVersionDate "2024.10.14"]
[SourceQuality "1"]
[WhiteTeam "Helsinki HSC"]
[BlackTeam "Turku TuTS"]
[WhiteTeamCountry "FIN"]
[BlackTeamCountry "FIN"]

1. e4 c6 2. d4 d5 3. exd5 cxd5 4. Bd3 Nc6 5. c3 Qc7 6. h3 e5 7. dxe5 Nxe5 8. Nf3 Nxd3+ 9. Qxd3 Nf6 10. 0-0 Be7 11. Be3 0-0 12. Nbd2 Be6 13. Rfe1 Rfe8 14. Nd4 a6 15. Nxe6 fxe6 16. Bd4 Bd6 17. Bxf6 gxf6 18. c4 dxc4 19. Nxc4 Bb4 20. Re4 f5 21. Re2 b5 22. Ne5 Bd6 23. Rc2 Qe7 24. Nc6 Qc7 25. Rd1 Bf8 26. a3 Qf4 27. Qe2 e5 28. Qh5 Bg7 29. Rd7 Kh8 30. Ne7 Qe4 31. Ng6+ Kg8 32. Rcc7 1-0

[Event "Rilton Cup 51st"]
[White "Logdahl, Harald"]
[Black "Nyysti, Sampsa"]
[Site "Stockholm"]
[Round "9"]
[Result "0-1"]
[Date "2024.01.05"]
[WhiteElo "2187"]
[BlackElo "2339"]
[PlyCount "104"]
[EventDate "2023.12.27"]
[EventType "swiss"]
[EventRounds "9"]
[EventCountry "SWE"]
[SourceTitle "CBM 218 Extra"]
[Source "ChessBase"]
[SourceDate "2024.03.31"]
[SourceVersion "1"]
[SourceVersionDate "2024.03.31"]
[SourceQuality "1"]

1. e4 c5 2. c4 Nc6 3. Nc3 g6 4. g3 Bg7 5. Bg2 e6 6. Nge2 Nge7 7. 0-0 d6 8. d3 0-0 9. Be3 Nd4 10. Qd2 b6 11. Bh6 Bb7 12. Bxg7 Kxg7 13. f4 Qd7 14. Nxd4 cxd4 15. Ne2 e5 16. f5 gxf5 17. Qg5+ Ng6 18. Bh3 Qe7 19. Qxf5 h5 20. Qf3 Qg5 21. Kh1 f5 22. Bxf5 Ne7 23. h4 Qxf5 24. exf5 Bxf3+ 25. Rxf3 Rxf5 26. Raf1 Rxf3 27. Rxf3 b5 28. cxb5 Rc8 29. Ng1 Rc2 30. Nh3 Rxb2 31. Ng5 Kg6 32. Rf7 Nf5 33. Rxa7 Nxg3+ 34. Kg1 Rxb5 35. Ra6 Rb2 36. Rxd6+ Kf5 37. a4 Ra2 38. Nf7 e4 39. dxe4+ Kxe4 40. Ng5+ Ke3 41. Re6+ Kf4 42. Rd6 Nf5 43. Rd5 Rxa4 44. Kh2 Kg4 45. Ne6 Ra2+ 46. Kg1 Rd2 47. Nc5 Nxh4 48. Ne4 Nf3+ 49. Kf1 Rd1+ 50. Kg2 Kf4 51. Nf6 Rd2+ 52. Kf1 Ke3 0-1

[Event "FIN-chT 2324"]
[White "Anttila, Perttu"]
[Black "Nyysti, Sampsa"]
[Site "Finland"]
[Round "2.3"]
[Result "0-1"]
[Date "2023.09.24"]
[WhiteElo "2275"]
[BlackElo "2344"]
[PlyCount "76"]
[EventDate "2023.09.23"]
[EventType "team-tourn"]
[EventRounds "11"]
[EventCountry "FIN"]
[SourceTitle "CBM 216 Extra"]
[Source "ChessBase"]
[SourceDate "2023.11.30"]
[SourceVersion "1"]
[SourceVersionDate "2023.11.30"]
[SourceQuality "1"]
[WhiteTeam "Vantaa EtVaS"]
[BlackTeam "Helsinki HSC"]
[WhiteTeamCountry "FIN"]
[BlackTeamCountry "FIN"]

1. d4 Nf6 2. Bf4 g6 3. c4 Bg7 4. Nc3 0-0 5. Nf3 d6 6. e4 Nc6 7. d5 Nb8 8. Qd2 c6 9. Bh6 Bxh6 10. Qxh6 Qb6 11. Qd2 Na6 12. Nd4 Bd7 13. f3 Rfc8 14. Be2 Nc5 15. g4 cxd5 16. g5 Nh5 17. Nxd5 Qd8 18. b4 Ne6 19. f4 Nexf4 20. Nxf4 Nxf4 21. Qxf4 e5 22. Qf6 Qxf6 23. gxf6 exd4 24. Rd1 Re8 25. Rxd4 Rxe4 26. Rxe4 Bc6 27. Rd4 Bxh1 28. Rxd6 Re8 29. Kf2 h5 30. c5 Re6 31. Rxe6 fxe6 32. Bf3 Bxf3 33. Kxf3 Kf7 34. b5 Kxf6 35. h4 Ke5 36. b6 axb6 37. cxb6 Kd4 38. a4 Kc5 0-1

[Event "Heart of Finland op 31st"]
[White "Nyysti, Sampsa"]
[Black "Keinanen, Toivo"]
[Site "Jyvaskyla"]
[Round "8"]
[Result "1/2-1/2"]
[Date "2023.07.22"]
[WhiteElo "2333"]
[BlackElo "2504"]
[PlyCount "32"]
[EventDate "2023.07.17"]
[EventType "swiss"]
[EventRounds "9"]
[EventCountry "FIN"]
[SourceTitle "CBM 215 Extra"]
[Source "ChessBase"]
[SourceDate "2023.09.30"]
[SourceVersion "1"]
[SourceVersionDate "2023.09.30"]
[SourceQuality "1"]

1. e4 e6 2. d4 d5 3. Nc3 Nf6 4. e5 Nfd7 5. f4 c5 6. Nf3 Be7 7. Be3 0-0 8. dxc5 Nxc5 9. Qd2 a6 10. 0-0-0 Nbd7 11. f5 Ne4 12. Nxe4 dxe4 13. fxe6 fxe6 14. Bc4 exf3 15. Bxe6+ Kh8 16. Bxd7 Bxd7 1/2-1/2

[Event "EU-ch 23rd"]
[White "Giacomini, Hector"]
[Black "Nyysti, Sampsa"]
[Site "Vrnjacka Banja"]
[Round "10"]
[Result "0-1"]
[Date "2023.03.12"]
[WhiteElo "2121"]
[BlackElo "2345"]
[PlyCount "90"]
[EventDate "2023.03.03"]
[EventType "swiss"]
[EventRounds "11"]
[EventCountry "SRB"]
[SourceTitle "CBM 213"]
[Source "ChessBase"]
[SourceDate "2023.04.30"]
[SourceVersion "1"]
[SourceVersionDate "2023.04.30"]
[SourceQuality "1"]

1. Nf3 Nf6 2. e3 g6 3. d4 Bg7 4. c4 0-0 5. Be2 c5 6. dxc5 Na6 7. 0-0 Nxc5 8. b4 Nfe4 9. Nd4 Ne6 10. Bb2 Qb6 11. a3 d5 12. Bf3 Nxd4 13. Bxd4 Bxd4 14. Qxd4 Qxd4 15. exd4 a5 16. b5 Bf5 17. c5 e5 18. Bxe4 Bxe4 19. dxe5 Rfc8 20. Rc1 Bd3 21. Nd2 Bxb5 22. Rab1 Ba6 23. Rb2 Rc7 24. Rbc2 Rac8 25. a4 d4 26. Nb3 d3 27. Rc3 Rd8 28. Rd1 g5 29. h4 Rd5 30. hxg5 Rxe5 31. f4 Re4 32. Nc1 Rxa4 33. Nxd3 Rd7 34. Kf2 Rad4 35. Ke3 Kf8 36. g3 Ke7 37. Rd2 Rxd3+ 38. Rdxd3 Rxd3+ 39. Rxd3 Bxd3 40. Kxd3 Kd7 41. f5 Kc6 42. Kd4 a4 43. Ke5 a3 44. Kf6 a2 45. Kxf7 a1Q 0-1

[Event "EU-ch 23rd"]
[White "Nikolaidis, Konstantinos"]
[Black "Nyysti, Sampsa"]
[Site "Vrnjacka Banja"]
[Round "8"]
[Result "0-1"]
[Date "2023.03.10"]
[WhiteElo "2133"]
[BlackElo "2345"]
[PlyCount "80"]
[EventDate "2023.03.03"]
[EventType "swiss"]
[EventRounds "11"]
[EventCountry "SRB"]
[SourceTitle "CBM 213"]
[Source "ChessBase"]
[SourceDate "2023.04.30"]
[SourceVersion "1"]
[SourceVersionDate "2023.04.30"]
[SourceQuality "1"]

1. e4 c5 2. Nf3 e6 3. d4 cxd4 4. Nxd4 Nc6 5. Nc3 a6 6. Be3 Nf6 7. a3 Qc7 8. Be2 b5 9. Nxc6 dxc6 10. f4 e5 11. 0-0 Bd6 12. f5 Qe7 13. Bg5 Bc5+ 14. Kh1 Bb7 15. Bf3 Bd4 16. Qe2 a5 17. Nd1 Ba6 18. Re1 h6 19. Bh4 g5 20. fxg6 fxg6 21. c3 b4 22. Qc2 bxc3 23. bxc3 Bc5 24. Be2 0-0 25. Nb2 Qe6 26. Bxa6 Rxa6 27. Qe2 Ra7 28. Qc4 Qxc4 29. Nxc4 Nd7 30. Rf1 a4 31. Rxf8+ Bxf8 32. Bg3 Rb7 33. Rd1 Rb3 34. Nxe5 Nxe5 35. Bxe5 Rxa3 36. h3 Kf7 37. Bd4 Ke6 38. Rb1 Rb3 39. Rf1 Be7 40. Ra1 a3 0-1

[Event "EU-ch 23rd"]
[White "Van Foreest, Lucas"]
[Black "Nyysti, Sampsa"]
[Site "Vrnjacka Banja"]
[Round "6"]
[Result "1-0"]
[Date "2023.03.08"]
[WhiteElo "2570"]
[BlackElo "2345"]
[PlyCount "83"]
[EventDate "2023.03.03"]
[EventType "swiss"]
[EventRounds "11"]
[EventCountry "SRB"]
[SourceTitle "CBM 213"]
[Source "ChessBase"]
[SourceDate "2023.04.30"]
[SourceVersion "1"]
[SourceVersionDate "2023.04.30"]
[SourceQuality "1"]

1. e4 e5 2. Nf3 Nc6 3. Bc4 Nf6 4. Ng5 d5 5. exd5 b5 6. Bf1 Nxd5 7. Bxb5 Bb7 8. d3 Qd7 9. 0-0 f6 10. Nf3 Nb6 11. Be3 a6 12. Bc4 Nxc4 13. dxc4 Qf7 14. b3 Rd8 15. Qe2 Bd6 16. Nc3 0-0 17. Rad1 Rfe8 18. Ne4 Nd4 19. Bxd4 exd4 20. Nxd6 Rxd6 21. Qd2 Bxf3 22. gxf3 Re5 23. f4 Rh5 24. f3 Qd7 25. Rf2 Rh6 26. c5 Rg6+ 27. Kh1 Rd5 28. c4 Rxc5 29. Qxd4 Qxd4 30. Rxd4 f5 31. Re2 Rd6 32. Rxd6 cxd6 33. Rd2 Rc6 34. Rd5 g6 35. Kg2 Kf7 36. Kf2 Ke6 37. Ke3 Rc7 38. Ra5 Rc6 39. Kd4 Rb6 40. Rd5 Rb7 41. Kc3 h6 42. h4 1-0

[Event "EU-ch 23rd"]
[White "Nyysti, Sampsa"]
[Black "Sarana, Alexey"]
[Site "Vrnjacka Banja"]
[Round "1"]
[Result "0-1"]
[Date "2023.03.03"]
[WhiteElo "2345"]
[BlackElo "2668"]
[PlyCount "158"]
[EventDate "2023.03.03"]
[EventType "swiss"]
[EventRounds "11"]
[EventCountry "SRB"]
[SourceTitle "CBM 213"]
[Source "ChessBase"]
[SourceDate "2023.04.30"]
[SourceVersion "1"]
[SourceVersionDate "2023.04.30"]
[SourceQuality "1"]

1. e4 c5 2. Nf3 d6 3. d4 cxd4 4. Nxd4 Nf6 5. Nc3 a6 6. g3 e5 7. Nb3 Be7 8. Bg5 Nbd7 9. a4 0-0 10. a5 b5 11. axb6 Nxb6 12. Be2 Qc7 13. 0-0 Rd8 14. Bxf6 Bxf6 15. Re1 Be6 16. Nd5 Nxd5 17. exd5 Bc8 18. Na5 Bd7 19. Bf1 g6 20. Re3 e4 21. Rxe4 Bxb2 22. Ra2 Bg7 23. Rc4 Qb6 24. Nc6 Re8 25. Rb4 Qc5 26. Rc4 Qb6 27. Rb4 Qc7 28. Rc4 Bf5 29. Nd4 Qd7 30. Nxf5 Qxf5 31. Rf4 Qe5 32. Rxa6 Rxa6 33. Bxa6 Ra8 34. Ra4 Rb8 35. Bf1 h5 36. Ra3 Bh6 37. h4 Rb4 38. Bg2 Rd4 39. Rd3 Ra4 40. Rb3 f5 41. f4 Qe7 42. Bf3 Bxf4 43. gxf4 Qxh4 44. Qb1 Kh7 45. Rb4 Qg3+ 46. Bg2 Ra3 47. Rb3 Rxb3 48. cxb3 Qxf4 49. Qe1 Qd4+ 50. Kh1 Kh6 51. b4 Qd3 52. Kh2 Qd4 53. b5 h4 54. Qb1 Qf4+ 55. Kh1 Qg3 56. Qf1 Qe3 57. Qf3 Qd4 58. Bf1 Kg7 59. Qd3 Qb2 60. Qc4 Qf2 61. Qe2 Qd4 62. Bg2 Kh6 63. Bf3 Qc5 64. Kg2 Qd4 65. Qc2 Qe3 66. Qb2 Qf4 67. Qf2 g5 68. b6 h3+ 69. Kg1 g4 70. b7 g3 71. Qe2 Qd4+ 72. Kh1 Qa1+ 73. Qd1 Qb2 74. Qg1 f4 75. Bg4 Qxb7 76. Qd4 Qb1+ 77. Bd1 Kg6 78. Kg1 Kf5 79. Qd2 Qb6+ 0-1

[Event "FIN-chT 2223"]
[White "Tumanov, Dmitri"]
[Black "Nyysti, Sampsa"]
[Site "Finland"]
[Round "9.4"]
[Result "0-1"]
[Date "2023.02.11"]
[WhiteElo "2151"]
[BlackElo "2363"]
[PlyCount "78"]
[EventDate "2022.09.24"]
[EventType "team-tourn"]
[EventRounds "11"]
[EventCountry "FIN"]
[SourceTitle "EXT 2024"]
[Source "ChessBase"]
[SourceDate "2023.10.10"]
[SourceVersion "1"]
[SourceVersionDate "2023.10.10"]
[SourceQuality "1"]
[WhiteTeam "Gambiitti"]
[BlackTeam "Helsinki Ninja"]
[WhiteTeamCountry "FIN"]
[BlackTeamCountry "FIN"]

1. c4 e5 2. Nc3 Bb4 3. Nd5 Be7 4. g3 Nf6 5. Nxe7 Qxe7 6. Bg2 0-0 7. Nf3 d6 8. 0-0 h6 9. d4 e4 10. Ne1 c6 11. Nc2 Re8 12. b3 Nbd7 13. f4 exf3 14. exf3 d5 15. Re1 Qd8 16. Rxe8+ Nxe8 17. Ne3 Ndf6 18. Qd3 Be6 19. c5 Qd7 20. g4 Nh7 21. f4 Bxg4 22. f5 Bh5 23. Nf1 Nef6 24. Ng3 Re8 25. Bf4 Ng5 26. Be5 Nge4 27. Nxe4 Nxe4 28. Qh3 f6 29. Bf4 Bf7 30. Rf1 Ng5 31. Qd3 Bh5 32. Be3 Qe7 33. Re1 Nf3+ 34. Bxf3 Bxf3 35. Bd2 Be2 36. Qg3 Qe4 37. Bxh6 Qxd4+ 38. Kg2 Qe4+ 39. Kg1 Re7 0-1

[Event "FIN-chT 2223"]
[White "Nyysti, Sampsa"]
[Black "Bederdin, Lauri"]
[Site "Finland"]
[Round "4.4"]
[Result "1-0"]
[Date "2022.10.16"]
[WhiteElo "2363"]
[BlackElo "2058"]
[PlyCount "41"]
[EventDate "2022.09.24"]
[EventType "team-tourn"]
[EventRounds "11"]
[EventCountry "FIN"]
[SourceTitle "EXT 2024"]
[Source "ChessBase"]
[SourceDate "2023.10.10"]
[SourceVersion "1"]
[SourceVersionDate "2023.10.10"]
[SourceQuality "1"]
[WhiteTeam "Helsinki Ninja"]
[BlackTeam "Joensuu SK"]
[WhiteTeamCountry "FIN"]
[BlackTeamCountry "FIN"]

1. e4 c6 2. d4 d5 3. Nc3 dxe4 4. Nxe4 Bf5 5. Ng3 Bg6 6. c3 e6 7. Nh3 h6 8. Nf4 Bh7 9. Bc4 Nf6 10. 0-0 Nd5 11. Re1 Bd6 12. Nfh5 g6 13. Bxd5 cxd5 14. Nf4 g5 15. Nfh5 Nc6 16. Qf3 Qe7 17. Nf6+ Kf8 18. Nxd5 Qd8 19. Rxe6 Bxg3 20. fxg3 g4 21. Bxh6+ 1-0

[Event "FIN-chT 2223"]
[White "Cattaneo, Marco"]
[Black "Nyysti, Sampsa"]
[Site "Finland"]
[Round "1.3"]
[Result "1-0"]
[Date "2022.09.24"]
[WhiteElo "2195"]
[BlackElo "2363"]
[PlyCount "97"]
[EventDate "2022.09.24"]
[EventType "team-tourn"]
[EventRounds "11"]
[EventCountry "FIN"]
[SourceTitle "CBM 210 Extra"]
[Source "ChessBase"]
[SourceDate "2022.11.30"]
[SourceVersion "1"]
[SourceVersionDate "2022.11.30"]
[SourceQuality "1"]
[WhiteTeam "Helsinki HSK"]
[BlackTeam "Helsinki Ninja"]
[WhiteTeamCountry "FIN"]
[BlackTeamCountry "FIN"]

1. d4 Nf6 2. Nf3 e6 3. c4 Bb4+ 4. Bd2 Bxd2+ 5. Qxd2 0-0 6. Nc3 d5 7. e3 Qe7 8. Rc1 Rd8 9. Qc2 Nc6 10. cxd5 exd5 11. Be2 Bg4 12. 0-0 a6 13. Na4 Ne4 14. Nc5 Nxc5 15. Qxc5 Rd6 16. Rfe1 Re8 17. b4 Qd8 18. a4 Re7 19. Qc3 Bxf3 20. Bxf3 Na7 21. Qc5 Nc8 22. b5 a5 23. b6 Nxb6 24. Qxa5 Nc4 25. Qb4 Rb6 26. Qc5 c6 27. Be2 Nd6 28. a5 Rb2 29. a6 Ne4 30. Qa3 Rb6 31. a7 Re8 32. Rb1 Rxb1 33. Rxb1 Qa8 34. Ra1 g6 35. Bd3 Nf6 36. Qd6 Kg7 37. h3 Rc8 38. g4 h6 39. h4 Nxg4 40. Qd7 Nf6 41. Qxc8 Qxc8 42. a8Q Qg4+ 43. Kf1 Qxh4 44. Ra2 Ng4 45. Qb8 Qh1+ 46. Ke2 h5 47. Ra8 Kh6 48. Qf4+ Kg7 49. Bxg6 1-0